100 Premier League Appearances: FC Everton - Statistics

General Stats
  • This quiz has been taken 27 times
  • The average score is 8 of 14
Answers on the Grid
Answers color-coded by a green-red scale on the quiz's grid according to % correct below.
Seamus Coleman
Leighton Baines
Steven Pienaar
Dominic Calvert-Lewin
Yerry Mina
Joe-Max Moore
Kevin Mirallas
Jack Rodwell
John Collins
Tim Howard
Fabian Delph
James McCarthy
Tony Grant
Darron Gibson
James McFadden
Ashley Williams
Duncan Ferguson
John Stones
Richard Dunne
Romelu Lukaku
Gary Naysmith
Aiden McGeady
Tim Cahill
Yakubu
Morgan Schneiderlin
Theo Walcott
Phil Jagielka
Tony Hibbert
Andy Johnson
Gerard Deulofeu
 
Answer Stats
Answer % Correct
Seamus Coleman
100%
Dominic Calvert-Lewin
76%
Tim Howard
76%
Leighton Baines
71%
Kevin Mirallas
59%
Steven Pienaar
59%
Tim Cahill
59%
Duncan Ferguson
53%
Phil Jagielka
53%
Romelu Lukaku
47%
Tony Hibbert
41%
James McCarthy
29%
Gary Naysmith
24%
James McFadden
18%
No matching quizzes found
Score Distribution
Percent of People with Each Score
Percentile by Number Answered
Your Score History
You have not taken this quiz